Project management 2004 (representing the client) (Record no. 102773)

MARC details
000 -LEADER
fixed length control field 01387cam a2200289 4500
008 - FIXED-LENGTH DATA ELEMENTS--GENERAL INFORMATION
fixed length control field #DATE n2003 000 0 eng u
020 ## - INTERNATIONAL STANDARD BOOK NUMBER
International Standard Book Number 1904388051
035 ## - SYSTEM CONTROL NUMBER
System control number (Sirsi) u122050
041 ## - LANGUAGE CODE
Language code of text/sound track or separate title eng
050 ## - LIBRARY OF CONGRESS CALL NUMBER
Classification number 658.404
-- 18
100 ## - MAIN ENTRY--PERSONAL NAME
Personal name Waterhouse, Roger
245 ## - TITLE STATEMENT
Title Project management 2004 (representing the client)
Remainder of title CPD study pack.
250 ## - EDITION STATEMENT
Edition statement 5th ed.
260 ## - PUBLICATION, DISTRIBUTION, ETC.
Place of publication, distribution, etc. Reading
Name of publisher, distributor, etc. College of Estate Management
Date of publication, distribution, etc. 2003
300 ## - PHYSICAL DESCRIPTION
Extent 100p.
Dimensions 30cm + 1 audio cassette (ca 60 min.)
350 ## - PRICE (NR) (BK AM CF MU VM SE) [OBSOLETE]
Price 72.85
490 ## - SERIES STATEMENT
Series statement College of Estate Management CPD Study Pack
520 ## - SUMMARY, ETC.
Summary, etc. Aims to give a background understanding of client project management within the property and construction industy. Also seeks to identify typical problems which the Client Project Manager, as the client's representative, is likely to face, together with possible solutions.
520 ## - SUMMARY, ETC.
Summary, etc. Accompanied by the Owlion audio tape "Project management 2000: leadership in action" (J104989), which is available to borrow seperately.
520 ## - SUMMARY, ETC.
Summary, etc. Supersedes "Project management 2002" (ISBN 1899769242) and "A guide to project management" (ISBN 1899769153).
520 ## - SUMMARY, ETC.
Summary, etc. In the process of being updated to incorporate the CDM Regulations 2007.
650 ## - SUBJECT ADDED ENTRY--TOPICAL TERM
Topical term or geographic name entry element CLIENT PROJECT MANAGERS
650 ## - SUBJECT ADDED ENTRY--TOPICAL TERM
Topical term or geographic name entry element CPD
690 ## - LOCAL SUBJECT ADDED ENTRY--TOPICAL TERM (OCLC, RLIN)
Topical term or geographic name as entry element Project management
9 (RLIN) 6261
710 ## - ADDED ENTRY--CORPORATE NAME
Corporate name or jurisdiction name as entry element College of Estate Management
9 (RLIN) 400
942 ## - ADDED ENTRY ELEMENTS (KOHA)
Suppress in OPAC 0
Holdings
Withdrawn status Lost status Damaged status Not for loan Home library Current library Shelving location Date acquired Total Checkouts Full call number Barcode Date last seen Date last checked out Copy number Price effective from Koha item type Cost, normal purchase price Cost, replacement price Source of classification or shelving scheme
  Missing     London London Missing 12/07/2005 11 BASEMENT 6 30068484 06/08/2019 25/04/2006 1 06/08/2019 Audio      
  Missing     London London Missing 15/05/2003 63 BASEMENT 6 30068554 06/08/2019 11/09/2008 2 06/08/2019 Audio 52.70 52.70  
        London London Enquiry desk 15/05/2003 69 BASEMENT 6 30068507 06/08/2019 19/01/2010 4 06/08/2019 Audio 52.70 52.70 Dewey Decimal Classification